000 00560nam a2200169 i 4500
001 102093
003 ES-MaACL
005 20230906183037.0
007 t|
008 051103s1960 sp ||||1| spa d
110 2 _aMovimiento Nacional (España).
_bDelegación Nacional de Asociaciones.
_95779
245 1 0 _aMemoria de la Delegación Nacional de Asociaciones del Movimiento.
260 _aMadrid :
_b[s.n.],
_c1960 (
_fAltamira, imp.)
300 _a196 p., 6 lám. ;
_c27 cm.
610 2 4 _aMovimiento Nacional (España)
_95776
852 _aES-MaACL
_jC-17677
999 _c102093
_d102093